|
|
|
|
| LEADER |
00000nam0a2200000 4500 |
| 001 |
227396 |
| 005 |
20231101230811.0 |
| 010 |
|
|
|b 10000 экз.
|
| 035 |
|
|
|a (RuTPU)RU\TPU\book\247823
|
| 090 |
|
|
|a 227396
|
| 100 |
|
|
|a 20121206d1979 m y0rusy50 ca
|
| 101 |
0 |
|
|a rus
|
| 102 |
|
|
|a RU
|
| 105 |
|
|
|a c z 001zb
|
| 200 |
1 |
|
|a Незакатное вижу я солнце
|e Стихи, проза
|f П. Л. Драверт
|g сост. Е. И. Беленький
|
| 210 |
|
|
|a Новосибирск
|c Западно-Сибирское книжное издательство
|d 1979
|
| 215 |
|
|
|a 221 с.
|c портр.
|
| 320 |
|
|
|a Приложение: Письмо отцу: с.216-218
|
| 320 |
|
|
|a Приложение: Письмо М. К. Азадовскому: с. 219-221.
|
| 600 |
|
1 |
|a Драверт
|b П. Л.
|c российский минералог
|c поэт
|f 1879-1945
|g Петр Людвикович
|2 stltpush
|3 (RuTPU)RU\TPU\pers\14660
|9 4878
|
| 610 |
1 |
|
|a литературные произведения
|
| 610 |
1 |
|
|a художественная литература
|
| 610 |
1 |
|
|a проза
|
| 610 |
1 |
|
|a поэзия
|
| 610 |
1 |
|
|a письма
|
| 675 |
|
|
|a Р2
|v 3
|
| 700 |
|
1 |
|a Драверт
|b П. Л.
|c российский минералог
|c поэт
|f 1879-1945
|g Петр Людвикович
|2 stltpush
|3 (RuTPU)RU\TPU\pers\14660
|9 4878
|
| 702 |
|
1 |
|a Беленький
|b Е. И.
|4 220
|
| 801 |
|
1 |
|a RU
|b 63413507
|c 20121206
|
| 801 |
|
2 |
|a RU
|b 63413507
|c 20121206
|g RCR
|
| 942 |
|
|
|c BK
|